[Event "Fredericia M2"]
[Site "Fredericia"]
[Date "2018.05.12"]
[Round "2"]
[White "Frambol, Christian Emil"]
[Black "Matras, Ove"]
[Result "1/2-1/2"]
[WhiteElo "1924"]
[BlackElo "1840"]
[PlyCount "52"]
[EventDate "2018.05.09"]
[EventType "tourn"]
[EventRounds "5"]
[EventCountry "DEN"]
[SourceTitle "EXT 2023"]
[Source "ChessBase"]
[SourceDate "2022.10.05"]
[SourceVersion "1"]
[SourceVersionDate "2022.10.05"]
[SourceQuality "1"]

1. e4 c6 2. d4 d5 3. exd5 cxd5 4. c4 Nc6 5. Nc3 Nf6 6. Nf3 e6 7. Bg5 Be7 8. Bd3 Qb6 9. c5 Qd8 10. a3 0-0 11. b4 b6 12. cxb6 axb6 13. 0-0 h6 14. Bf4 Bd6 15. Bg3 Ne8 16. Re1 Bxg3 17. hxg3 Nd6 18. Qe2 Qf6 19. Red1 Nf5 20. Bxf5 Qxf5 21. Qb5 Bd7 22. Qxb6 Rfc8 23. Rdc1 Qd3 24. Qb5 Qxb5 25. Nxb5 Nxb4 26. Rxc8+ Bxc8 1/2-1/2

[Event "Aarhus Chess House Summer op"]
[Site "Aarhus"]
[Date "2017.06.29"]
[Round "5"]
[White "Frambol, Christian Emil"]
[Black "Rossen, Claus"]
[Result "0-1"]
[WhiteElo "1822"]
[BlackElo "2174"]
[PlyCount "104"]
[EventDate "2017.06.25"]
[EventType "swiss"]
[EventRounds "7"]
[EventCountry "DEN"]
[SourceTitle "EXT 2018"]
[Source "ChessBase"]
[SourceDate "2017.10.13"]
[SourceVersion "1"]
[SourceVersionDate "2017.10.13"]
[SourceQuality "1"]

1. Nf3 Nf6 2. c4 g6 3. Nc3 Bg7 4. d4 d5 5. Bf4 0-0 6. e3 c5 7. Be2 Nc6 8. 0-0 Bg4 9. cxd5 Nxd5 10. Nxd5 Qxd5 11. dxc5 Qxc5 12. Rc1 Qb6 13. Qc2 Rac8 14. h3 Nd4 15. Qd2 Nxf3+ 16. Bxf3 Bxf3 17. gxf3 Qxb2 18. Qxb2 Bxb2 19. Rb1 Rc2 20. Rfd1 e5 21. Bg5 b6 22. Rd7 Ra8 23. Bf6 Rc6 24. Be7 Bc3 25. Rc1 a5 26. Rd8+ Rxd8 27. Bxd8 Kf8 28. Bxb6 Rxb6 29. Rxc3 Rb2 30. Ra3 Rb5 31. Kg2 Ke7 32. Rd3 Ke6 33. e4 Rb4 34. Ra3 a4 35. Kg3 Kd6 36. Re3 Kc5 37. f4 Rb2 38. a3 exf4+ 39. Kxf4 Rxf2+ 40. Ke5 f6+ 41. Ke6 Kd4 42. Re1 Rf3 43. h4 Rf4 44. h5 Rxe4+ 45. Rxe4+ Kxe4 46. h6 g5 47. Kxf6 g4 48. Kg7 g3 49. Kxh7 g2 50. Kh8 g1Q 51. h7 Qd4+ 52. Kg8 Kd3 0-1